000 00716nam a2200229Ia 4500
003 OSt
005 20220923225312.0
006 a|||||r|||| 00| 0
007 ta
008 220922b |||||||| |||| 00| 0 san d
024 _a262,301
037 _cTextual
040 _aARTS
_cARTS
_bsan
041 _2san
_asan
082 _aQ2, 152K6
100 _aचक्रवर्ती, विश्वनाथ
245 0 _aश्रीभक्तिरसामृतसिन्धुबिन्दुः
246 _aShrībhaktirasāmṛutasindhubinduah
260 _c1966
942 _hQ2, 152K6
_cTEXL
_2CC
999 _c377374
_d377374